STN EN 14227-4: 2005 (73 6184) [neplatná], Hydraulicky stmelené zmesi. Špecifikácie Časť 4 Popolček pre hydraulicky stmelené zmesi

Táto norma je slovenskou verziou EN 14227-4: 2004. Európska norma EN 114227-4: 2004 má postavenie slovenskej technickej normy

Bibliographic Details
Other Authors: Bačová, Katarína, 1948- (Translator)
Format: Book
Language:Slovak
English
PhysicalDescription:12 strán tabuľky 30 cm
Published: Bratislava Slovenský ústav technickej normalizácie 2005
Subjects:

MARC

LEADER 00000nam a2200000 a 4500
001 vtls008305073
003 SK-MaSNL
005 20260301074831.0
008 160624s2005 xo a f u 000 0 slo
015 |a SNBN2013 
020 |c (cen. skup. 10) 
040 |a SNK  |b slo  |c SNK  |e AACR2 
041 1 |a slo  |h eng 
044 |a xo  |c SK 
046 |a m  |m 20051001 (účin.)  |n 20131101 (zruš.) 
072 7 |a 625  |x Pozemné komunikácie. Železničné staviteľstvo  |2 konspekt 
080 |a 625.7/.8  |2 2001 
080 |a 625.731.2  |2 2001 
080 |a 006.7/.8  |2 2001 
080 |a (437.6)  |2 2001 
080 |a (4)  |2 2001 
080 |a (083)  |2 2001 
084 |a 93.080.20  |2 ICS 
130 0 |a STN 73 6184 (STN EN 14227-4) [neplatná]  |9 398057 
245 1 0 |a STN EN 14227-4: 2005 (73 6184) [neplatná], Hydraulicky stmelené zmesi. Špecifikácie  |n Časť 4  |p Popolček pre hydraulicky stmelené zmesi 
246 1 0 |a Hydraulicky stmelené zmes 
246 1 0 |a Popolček pre hydraulicky stmelené zmesi 
246 3 0 |a EN 14227-4: 2004 E 
260 |a Bratislava  |b Slovenský ústav technickej normalizácie  |c 2005 
300 |a 12 strán  |b tabuľky  |c 30 cm 
500 |a Táto norma nahrádza anglickú verziu STN EN 14227-4 z januára 2005 v celom rozsahu 
500 |a Norma je nahradená normou STN EN 14227-4 z novembra 2013 v celom rozsahu 
500 |a Spracovateľ: Katarína Bačová. Slovenská technická univerzita, Bratislava 
504 |a Citované normy na strane 2 
520 8 |a Táto norma je slovenskou verziou EN 14227-4: 2004. Európska norma EN 114227-4: 2004 má postavenie slovenskej technickej normy 
540 |a STN vydané na akomkoľvek nosiči sa môžu rozmnožovať a rozširovať iba so súhlasom určenej právnickej osoby  |b SÚTN Bratislava  |c zákon 264/1999 Z.z. 
650 0 7 |a cestné staviteľstvo  |2 SNKPH  |9 51013 
650 0 7 |a stavebné materiály  |2 SNKPH  |9 31817 
650 0 7 |a technické normy a štandardy  |z Slovensko  |2 SNKPH  |9 79594 
650 0 7 |a technické normy a štandardy  |z krajiny Európskej únie  |2 SNKPH  |9 289341 
650 0 7 |a Road engineering  |2 SNKPHeng  |9 307006 
650 0 7 |a Building materials  |2 SNKPHeng  |9 266953 
655 7 |a normy  |2 SNKPH  |9 70643 
700 1 |a Bačová, Katarína,  |d 1948-  |4 trl  |9 100290 
710 2 |a Slovenská technická univerzita v Bratislave.  |b Stavebná fakulta.  |b Katedra dopravných stavieb  |4 stn  |9 179812 
710 2 |a Slovenský ústav technickej normalizácie (Bratislava, Slovensko).  |b Technická komisia č. 94 Cestné staviteľstvo  |4 stn  |9 307007 
774 1 8 |t STN EN 14227-4: 2013  |d Bratislava : Slovenský ústav technickej normalizácie, 2013  |w vtls010556984 
958 |a OP 
999 |c 648366  |d 650296 
952 |a SNK  |b SNK  |y PREZ  |7 0  |p 17A0485992  |o snkSTN EN 14227-4  |i snk2005/17745  |8 0  |0 0  |1 0  |4 0  |d 2005-10-25  |l 0  |r 2026-02-23 18:14:10  |w 2026-02-23 
952 |a SNK  |b SNK  |y PREZ  |7 0  |p 17A0485993  |o snkSTN EN 14227-4 D1  |i snk2005/17746  |8 0  |0 0  |1 0  |4 0  |d 2005-10-25  |l 0  |r 2026-02-23 18:14:10  |w 2026-02-23